| 000 | 00690nam a2200229 u 4500 | ||
|---|---|---|---|
| 005 | 20240314063641.0 | ||
| 008 | 110902s2004 ve r 000 0 spa d | ||
| 020 | _a9802572187 | ||
| 035 | _aUPN01000181659 | ||
| 049 | _aI | ||
| 050 | 4 |
_aPZ76.3 _bP5.3 2004 |
|
| 100 | 1 |
_aPilkey, Dav, _d1966- _932265 |
|
| 245 | 1 | 3 |
_aEl dragón y el gato panzón / _cDav Pilkey ; tr. Verónica Uribe. |
| 250 | _a2a ed. | ||
| 260 |
_aCaracas : _bEkaré, _c2004. |
||
| 300 | _a48 p. | ||
| 440 | 0 | _aMis primeras lecturas | |
| 534 |
_pTítulo original : _tDragon's fat cat |
||
| 650 | 4 |
_aCuentos infantiles estadounidenses _910762 |
|
| 650 | 2 |
_aDragones _vLiteratura infantil _911808 |
|
| 905 | _aInfantil | ||
| 999 |
_c153762 _d153762 |
||